01081nam a22002057a 4500003000800000008004100008037002000049040003500069041000800104080001300112100003000125245024000155260009500395300002400490502014500514650008100659650008300740655002300823700002900846BI-BuBU251104b2024 bd f |||| 000 0 fre d bDon de l'auteur aBI-BuBUbfrecBI-BuBUdBI-BuBU0 afre a658.115.1 4aut.aKwizera, Jumaïne 10aEffet de la structure financière sur la performance financière des entreprises publiques burundaisesbapproche économétrique basée sur les données de Panel de 2015 à 2023cJumaïne Kwizera ; Dismas Manirakiza, directeur aBujumburabUniversité du Burundi, Faculté des Sciences Economiques et de Gestionc2024 aXIII-121 f.c30 cm. aMémoire présenté et soutenu publiquement en vue de l'obtention du diplôme de master en Sciences de Gestion. Spécialité : Finance 72BI-BuBUaEntreprise publiquexStructure financièrey2015 à 2023zBurundi 72BI-BuBUaEntreprise publiquexPerformance financièrey2015 à 2023zBurundi 72BI-BuBUaMémoire1 4dir.aManirakiza, Dismas